Newsletter /

Bibliographic Details
Corporate Author: German Texan Heritage Society
Format: Journal
Language:English
German
Language Notes:English and German.
Published: [Austin, Tex.] : The Society, [1979-]
Subjects:
Online Availability: Check for online availability

MARC

Tag First Indicator Second Indicator Subfields
LEADER 00000cas a2200000 a 4500
001 in00000738521
005 20190207095029.0
008 811103c19799999txutr1p |||| 0uuua0eng d
010 |a  81646550  
019 |a 8203792 
022 1 |a 0730-3106 
035 |a (OCoLC)07903153 
035 |9 ADG1390AM 
040 |a TXI  |c TXI  |d DLC  |d NSD  |d NST  |d DLC  |d NSD  |d OCL  |d TXA  |d UtOrBLW 
041 0 |a eng  |a ger 
042 |a lc  |a nsdp 
043 |a n-us-tx 
049 |a TXAS 
050 0 0 |a F395.G3  |b N48 
222 0 |a Newsletter - German Texan Heritage Society (Tex.) 
245 0 0 |a Newsletter /  |c German Texan Heritage Society. 
246 1 3 |a German Texan Heritage Society newsletter 
264 1 |a [Austin, Tex.] :  |b The Society,  |c [1979-] 
300 |a volumes :  |b illustrations ;  |c 28 cm. 
310 |a Three no. a year  |b (summer 1981-) 
321 |a Semiannual  |b (Jan. 1979-Mar. 1981) 
336 |a text  |b txt  |2 rdacontent 
337 |a unmediated  |b n  |2 rdamedia 
338 |a volume  |b nc  |2 rdacarrier 
362 0 |a Vol. 1, no. 1 (Jan. 1979)- 
500 |a The Cushing Library/Chapman Texas Collection copy is part of the Floyd & Louise Chapman Texas & Borderlands Collection.  |5 TXA 
500 |a Title from cover. 
525 |a Supplements accompany some numbers. 
546 |a English and German. 
650 0 |a German Americans  |z Texas  |x Genealogy  |x Periodicals. 
651 0 |a Texas  |v Genealogy  |x Periodicals. 
650 0 |a Registers of births, etc.  |z Texas  |v Periodicals. 
710 2 |a German Texan Heritage Society. 
999 |a MARS 
999 f f |s 91df5d7f-0054-3ce9-9323-5907203d6aaf  |i b5fee67a-a096-317d-bd80-7f7dff90dabc  |t 0 
952 f f |p noncirc  |a Texas A&M University  |b College Station  |c Cushing Memorial Library & Archives  |d Cushing: Chapman Texas Collection (Does not check out)  |t 0  |e F395.G3 N48  |h Library of Congress classification  |i unmediated -- volume 
952 f f |p noncirc  |a Texas A&M University  |b College Station  |c Cushing Memorial Library & Archives  |d Cushing: Chapman Texas Collection (Does not check out)  |t 0  |e F395.G3 N48  |h Library of Congress classification  |i unmediated -- volume 
998 f f |a F395.G3 N48  |s v.9:no.1 (1987:Spring)-v.9:no.2 (1987:Summer)  |t 0  |l Cushing: Chapman Texas Collection (Does not check out) 
998 f f |a F395.G3 N48  |s v.3:no.3 (1981:Winter)-v.9:no.3 (1987:Fall)  |t 0  |l Cushing: Chapman Texas Collection (Does not check out)